000 00935nam a2200277 i 4500
001 114698
003 ES-MaACL
005 20250809030602.0
007 t|
008 070320s1986 sp ||||1| spa d
020 _a84-7398-451-X
080 _a342.25(464.1)(094.4)
080 _a342(464.1)(094.4)
110 1 _aMadrid (Comunidad Autónoma)
_95587
240 1 0 _aLeyes, etc.
245 1 0 _aRepertorio de legislación de la Comunidad de Madrid /
_cComunidad de Madrid, Consejería de Presidencia.
250 _a1ª ed.
260 _aMadrid :
_bComunidad de Madrid :
_bCivitas,
_c1986.
300 _a919 p. ;
_c25 cm.
500 _aEdición cerrada a 30 de septiembre de 1986.
650 4 _aDerecho-
_zMadrid (Comunidad Autónoma)
_911630
710 1 _aMadrid (Comunidad Autónoma).
_bConsejería de Presidencia.
_95606
852 4 _aES-MaACL
_jG-3836
852 4 _aES-MaACL
_jL-11791
999 _c114698
_d114698